| 000 | 01018cam a22003257a 4500 | ||
|---|---|---|---|
| 003 | CHAP | ||
| 005 | 20220329142302.0 | ||
| 008 | 000511d1998 uk r 00010 eng d | ||
| 010 | _a81061 | ||
| 011 | _a82033 | ||
| 020 | _a0 85199 227 7 | ||
| 035 | _a92518 | ||
| 040 | _cCHAP | ||
| 082 | 0 | 4 |
_a633.2 _bT44 |
| 100 | 0 | 0 |
_aThornley, John H. M. _9112976 |
| 245 | 1 | 0 |
_aGrassland dynamics : _ban ecosystem simulation model _c/by John H.M. Thornley |
| 260 |
_aOxon : _bCAB International, _c1998. |
||
| 300 | _a241 p. | ||
| 590 |
_aBATCH-UPD _b10 _c20130110 _lUCH01 _h1622 |
||
| 590 |
_aBATCH-UPD _b10 _c20130410 _lUCH01 _h1016 |
||
| 590 |
_aBATCH-UPD _b10 _c20130914 _lUCH01 _h1249 |
||
| 590 |
_aCONVERSION _b10 _c20130109 _lUCH01 _h1345 |
||
| 650 | 1 | 4 |
_aEcología agrícola. _935165 |
| 650 | 1 | 4 |
_aModelos de simulación. _976415 |
| 650 | 1 | 4 |
_aPraderas. _991230 |
| 901 | _aBK | ||
| 905 | _aLilia Sánchez G. | ||
| 942 | _cLIBRO | ||
| 949 |
_a633.2 T44 _bBC _cLIBRO _d33724000778148 _eLIBRO _gI.203517 _h97947 _i92518 _si _t$1.234.00 |
||
| 999 |
_c81061 _d81061 |
||